000 00621nam a2200217Ia 4500
003 OSt
005 20220923230909.0
006 a|||||r|||| 00| 0
007 ta
008 Pun
024 _a306,297
037 _cTextual
040 _aARTS
_cARTS
_bPun
041 _2Pun
_aPun
082 _aQ8441wJ9z66xM72, 153M1.3
100 _aਵੀਰ ਸਿੰਘ
245 0 _aਜੀਵਨ ਪ੍ਰਸੰਗ ਸ੍ਰੀ ਗੁਰੂ ਹਰਿਗੋਬਿੰਦ ਸਾਹਿਬ
260 _c1981
942 _hQ8441wJ9z66xM72, 153M1.3
_cTEXL
_2CC
999 _c388083
_d388083